| 000 | 00388nam a22001697a 4500 | ||
|---|---|---|---|
| 005 | 20160623094906.0 | ||
| 008 | 160623b xxu||||| |||| 00| 0 eng d | ||
| 020 | _a81-7929-211-8 | ||
| 041 | _aeng | ||
| 082 | _b9057 | ||
| 100 |
_aGay III, Ben _92539 |
||
| 245 | _aBecoming a top Salesman | ||
| 260 |
_bInfinity Book _c2007 |
||
| 300 | _a287 | ||
| 650 |
_aManagement _9241 |
||
| 942 | _cBK | ||
| 999 |
_c3611 _d3610 |
||